Manu Kama's road, Tepa Nilu's path : theme, narrative, and formula in Rotinese ritual language
| Published in: | To speak in pairs, ed. by James J. Fox, Cambridge, 1988, P. 161-201 (Cambridge studies in oral and literate culture) |
|---|---|
| Main Author: | |
| Content type: | Article |
| Published: |
1988
|
| Source: | MPIPL_cat |
| _version_ | 1863687004527525889 |
|---|---|
| author | Fox, James J. |
| author_facet | Fox, James J. |
| author_search | Fox, James J. |
| author_sort | Fox, James J. |
| author_variant | j j f jj jjf |
| collection_details | MPIPL |
| container_reference | P. 161-201 |
| container_start_page | 161 |
| container_title | To speak in pairs : essays on the ritual languages of eastern Indonesia |
| dedup_id_str | MPIPL_cat.PL0052337 |
| dewey-hierarchy | 0/[Unassigned]/ |
| dewey-hierarchy_str | 0/[Unassigned]/ |
| first_indexed | 2026-03-14T00:40:05Z |
| format | 0/Artikel/ |
| format_str | 0/Artikel/ |
| fullrecord | <?xml version="1.0" encoding="UTF-8"?>
<collection xmlns:xsi="http://www.w3.org/2001/XMLSchema-instance" xsi:schemaLocation="http://www.loc.gov/MARC21/slim http://www.loc.gov/standards/marcxml/schema/MARC21slim.xsd" xmlns="http://www.loc.gov/MARC21/slim">
<record>
<leader>00000naa a2200000 u 4500</leader>
<controlfield tag="001">PL0052337</controlfield>
<controlfield tag="003">PLI01000000000000000052070</controlfield>
<controlfield tag="005">00000000000000.0</controlfield>
<controlfield tag="008"> ||| u </controlfield>
<datafield tag="100" ind1="1" ind2=" ">
<subfield code="a">Fox, James J.</subfield>
</datafield>
<datafield tag="245" ind1="0" ind2="0">
<subfield code="a">Manu Kama's road, Tepa Nilu's path</subfield>
<subfield code="b">theme, narrative, and formula in Rotinese ritual language</subfield>
<subfield code="c">James J. Fox</subfield>
</datafield>
<datafield tag="260" ind1=" " ind2=" ">
<subfield code="c">1988</subfield>
</datafield>
<datafield tag="952" ind1=" " ind2=" ">
<subfield code="j">1988</subfield>
<subfield code="h">P. 161-201</subfield>
</datafield>
<datafield tag="996" ind1=" " ind2=" ">
<subfield code="a">Aufsatz</subfield>
</datafield>
<datafield tag="997" ind1=" " ind2=" ">
<subfield code="a">book chapter</subfield>
</datafield>
<datafield tag="773" ind1="0" ind2="8">
<subfield code="t">To speak in pairs</subfield>
<subfield code="a">ed. by James J. Fox</subfield>
<subfield code="d">Cambridge, 1988</subfield>
<subfield code="g">P. 161-201</subfield>
<subfield code="k">Cambridge studies in oral and literate culture</subfield>
<subfield code="w">MPIPL_cat.PL0052330</subfield>
<subfield code="z">0-521-34332-1</subfield>
<subfield code="i">In:</subfield>
</datafield>
</record>
</collection>
|
| hierarchy_parent_id | MPIPL_cat.PL0052330 |
| hierarchy_parent_title | To speak in pairs : essays on the ritual languages of eastern Indonesia |
| id | MPIPL_cat.PL0052337 |
| illustrated | Not Illustrated |
| institution | MPIPL_cat |
| institution_str | MPIPL_cat |
| isbn | 9780521343329 0-521-34332-1 |
| language | und |
| language_str | und |
| last_indexed | 2026-04-27T23:41:36Z |
| local_fields | Aufsatz |
| online | false |
| online_MPIPL_cat | false |
| online_str | false |
| publishDate | 1988 |
| publishDate_str | 1988 |
| record_format | marc |
| spelling | Fox, James J. Manu Kama's road, Tepa Nilu's path theme, narrative, and formula in Rotinese ritual language James J. Fox 1988 To speak in pairs ed. by James J. Fox Cambridge, 1988 P. 161-201 Cambridge studies in oral and literate culture 0-521-34332-1 In |
| spellingShingle | Fox, James J. Manu Kama's road, Tepa Nilu's path : theme, narrative, and formula in Rotinese ritual language |
| title | Manu Kama's road, Tepa Nilu's path : theme, narrative, and formula in Rotinese ritual language |
| title_full | Manu Kama's road, Tepa Nilu's path theme, narrative, and formula in Rotinese ritual language James J. Fox |
| title_fullStr | Manu Kama's road, Tepa Nilu's path theme, narrative, and formula in Rotinese ritual language James J. Fox |
| title_full_unstemmed | Manu Kama's road, Tepa Nilu's path theme, narrative, and formula in Rotinese ritual language James J. Fox |
| title_search | Manu Kama's road, Tepa Nilu's path theme, narrative, and formula in Rotinese ritual language |
| title_short | Manu Kama's road, Tepa Nilu's path |
| title_sort | manu kama s road tepa nilu s path theme narrative and formula in rotinese ritual language james j fox |
| title_sub | theme, narrative, and formula in Rotinese ritual language |